000 00681nam a2200289Ia 4500
005 20260324130805.0
008 008 260324s9999 xx 000 0 eng d
020 _a9780203007471
037 _aEBOOK
040 _aCRL
040 _beng
040 _cCRL
041 _2eng
041 _aeng
084 _qCRL
100 _aTheo Van Leeuwen; David Machin
_91183099
245 0 _aGlobal Media Discourse
245 2 _bA Critical Introduction
260 _bTaylor and Francis
260 _c2007
365 _a
365 _b230
856 _uhttp://www.taylorfrancis.com/books/9780203007471
942 _cEBOOK
999 _c1779604
_d1779604